000 00696nam a2200217Ii 4500
003 JO-AjNU
008 230605s9999||||xx |||||||||||||| ||und||
017 _a2002/6/1460
040 _aJO-AjNU
_bara
_erda
_cJO-AjNU
041 _aara
050 1 4 _aBP166.73 2002
100 3 _aبن عبد الله، محمد,
_eauthor
_918374
245 0 0 _aحديث النفس
250 _aط1
264 3 1 _aعمان: دار البيت العتيق للنشر والتوزيع، 2002
300 _a80ص
336 _atext
_btxt
_2rdacontent
337 _aunmediated
_bn
_2rdamedia
338 _avolume
_bnc
_2rdacarrier
650 4 _aالثقافة الاسلامية- الشريعة الاسلامية
_918375
999 _aA5864
_c9432
_d9432